000
00403nam a22001337a 4500
003
SGT
020
_a
9789380441269
082
_a
891.4309
_b
B14S
100
_a
शुक्ल, प्रयाग
245
_a
बद्रीविशाल : साहित्य , समाज और कला
260
_b
वाग्देवी प्रकाशन
_c
2014
300
_a
151
942
_2
ddc
_c
BK
999
_c
31428
_d
31428